000 00819nam a2200253Ia 4500
003 OSt
005 20240823110904.0
006 a|||||r|||| 00| 0
007 ta
008 221004b |||||||| |||| 00| 0 eng d
020 _a9788193933602 (hbk)
_cINR 1980.00
024 _a65535
037 _b1948, 27/01/2020, Pegasus Marketing India
_cTextual
040 _aCRL
_cCRL
_beng
041 _2eng
_aeng
082 _aY:42.2, Q9.1-.2
100 _aManohar Manoj Au.
_9591655
245 0 _aCrusade against corruption
_b on the neutral path
260 _aGhaziabad
_bEconomy India Publications India
_c2019
490 _vVol. 1
650 _aSOCIOLOGY
942 _hY:42.2, Q9.1-.2
_cTEXL
999 _c952000
_d952000